[Event "OP-2012-0-02567"]
[Site "LSS email"]
[Date "2012.12.30"]
[Round "?"]
[White "Harris, Robert"]
[Black "Sarniak, Krystian"]
[Result "1-0"]
[WhiteElo "800"]
[BlackElo "1200"]
[PlyCount "29"]
[EventDate "2012.12.26"]
[EventType "tourn (corr)"]
[EventRounds "4"]
[EventCountry "GER"]
[SourceTitle "Corr 2015"]
[Source "ChessBase"]
[SourceDate "2015.07.17"]
[SourceVersion "1"]
[SourceVersionDate "2015.07.17"]
[SourceQuality "1"]

1. e4 c5 2. d3 Nc6 3. Nf3 d6 4. b3 a6 5. Be2 Qc7 6. 0-0 e6 7. Bf4 Be7 8. c4 Nf6 9. Nc3 0-0 10. Rc1 Nd7 11. Ng5 Nde5 12. d4 cxd4 13. Bh5 dxc3 14. Rxc3 h6 15. Nh3 1-0

[Event "OP-2012-0-02567"]
[Site "LSS email"]
[Date "2012.12.30"]
[Round "?"]
[White "Sarniak, Krystian"]
[Black "Neil, Charles"]
[Result "0-1"]
[WhiteElo "1200"]
[BlackElo "640"]
[PlyCount "53"]
[EventDate "2012.12.26"]
[EventType "tourn (corr)"]
[EventRounds "4"]
[EventCountry "GER"]
[SourceTitle "Telechess CBM 159"]
[Source "ChessBase"]
[SourceDate "2014.03.17"]
[SourceVersion "1"]
[SourceVersionDate "2014.03.17"]
[SourceQuality "1"]

1. d4 Nf6 2. Nf3 d5 3. c4 e6 4. Bg5 c6 5. e3 Be7 6. Bxf6 Bxf6 7. Bd3 Nd7 8. Nc3 a6 9. cxd5 exd5 10. Rc1 0-0 11. h4 Re8 12. Bxh7+ Kxh7 13. Ng5+ Bxg5 14. hxg5+ Kg8 15. Qh5 Kf8 16. Qh8+ Ke7 17. Qxg7 Rg8 18. Qh6 Ke8 19. f4 Nb6 20. e4 dxe4 21. Nxe4 Qxd4 22. Nf6+ Kd8 23. Rd1 Qxd1+ 24. Kxd1 Bg4+ 25. Nxg4 Kc7 26. Qf6 Rad8+ 27. Kc1 0-1